[Event "World Rapid 2022"]
[Site "Almaty KAZ"]
[Date "2022.12.26"]
[Round "3.32"]
[White "Makhnev, Denis"]
[Black "Vachier-Lagrave, Maxime"]
[Result "0-1"]
[WhiteTitle "GM"]
[BlackTitle "GM"]
[WhiteElo "2481"]
[BlackElo "2737"]
[WhiteFideId "13707647"]
[BlackFideId "623539"]
[EventDate "2022.12.26"]

1. d4 Nf6 2. c4 e6 3. Nf3 d5 4. g3 Be7 5. Bg2 O-O 6. O-O c6 7. Qc2 b6 8. Bf4 Bb7
9. Rd1 Nbd7 10. Ne5 Rc8 11. Nc3 Nh5 12. Bc1 Nhf6 13. Bf4 Nh5 14. Bc1 f5 15. Qa4
Rc7 16. cxd5 exd5 17. Nd3 Bd6 18. Bf3 Nhf6 19. Bf4 Qe7 20. Rac1 Rfc8 21. b4 Ne4
22. Qb3 Kh8 23. a4 Nf8 24. Bxd6 Qxd6 25. e3 Nd7 26. Bg2 g6 27. Ne2 Kg7 28. Qb2
Qe7 29. b5 Ndf6 30. bxc6 Bxc6 31. Qb3 Qe8 32. Ra1 Bd7 33. a5 Bb5 34. axb6 axb6
35. Nef4 Nc3 36. Rd2 g5 37. Nxd5 Ncxd5 38. Bxd5 Rc3 39. Ra7+ Kh8 40. Ne5 Rxb3
41. Bxb3 Rc1+ 42. Rd1 Rxd1+ 43. Bxd1 Nd7 44. Nxd7 Bxd7 45. Bf3 Qe6 0-1

[Event "World Rapid 2022"]
[Site "Almaty KAZ"]
[Date "2022.12.26"]
[Round "3.33"]
[White "Kovalev, Vladislav"]
[Black "Grischuk, Alexander"]
[Result "0-1"]
[WhiteTitle "GM"]
[BlackTitle "GM"]
[WhiteElo "2623"]
[BlackElo "2745"]
[WhiteFideId "13504398"]
[BlackFideId "4126025"]
[EventDate "2022.12.26"]

1. e4 d6 2. d4 Nf6 3. Nc3 g6 4. f3 a6 5. Be3 b5 6. Qd2 Nbd7 7. g4 Nb6 8. h4 h5
9. g5 Nfd7 10. Nh3 Bg7 11. Nf2 c5 12. O-O-O Bb7 13. f4 b4 14. Nb1 Qc7 15. dxc5
dxc5 16. Rg1 O-O 17. e5 Rfd8 18. Qe1 a5 19. Bg2 Bxg2 20. Rxg2 Qc6 21. Rh2 Qe6
22. b3 a4 23. Ne4 axb3 24. axb3 Nxe5 25. Rxd8+ Rxd8 26. Nxc5 Nec4 27. bxc4 Nxc4
28. Nd3 Qxe3+ 29. Qxe3 Nxe3 30. Re2 Nd5 31. Re4 Rb8 32. Nd2 e6 33. Nb3 Bc3 34.
Kd1 Ne7 35. Ne5 Nf5 36. Nf3 Rd8+ 37. Kc1 Rd5 38. Re2 Kg7 39. Re4 Nd6 40. Re3 Rf5
41. Rd3 Rxf4 42. Rxd6 Rxf3 43. Kd1 Re3 44. Kc1 Re4 45. Kb1 Rxh4 46. Nc5 Rd4 47.
Rc6 h4 48. Rc7 Rd1+ 49. Ka2 Re1 50. Nd3 Re4 0-1

[Event "World Rapid 2022"]
[Site "Almaty KAZ"]
[Date "2022.12.26"]
[Round "3.34"]
[White "Suleymanli, Aydin"]
[Black "Brunello, Sabino"]
[Result "1-0"]
[WhiteTitle "GM"]
[BlackTitle "GM"]
[WhiteElo "2543"]
[BlackElo "2519"]
[WhiteFideId "13413937"]
[BlackFideId "813613"]
[EventDate "2022.12.26"]

1. c4 Nf6 2. Nc3 e6 3. d4 d5 4. cxd5 exd5 5. Bg5 c6 6. e3 h6 7. Bh4 Be7 8. Bd3
O-O 9. Nge2 Re8 10. O-O a5 11. f3 Nbd7 12. a4 Nf8 13. Kh1 Ne6 14. Bf2 Bf8 15. e4
dxe4 16. fxe4 c5 17. Bb5 Bd7 18. Bxd7 Qxd7 19. Bh4 Ng5 20. Bxg5 hxg5 21. Rxf6
gxf6 22. Nd5 Ra6 23. dxc5 Qg4 24. h3 Qxe4 25. Ng3 Qe5 26. Qf3 Bxc5 27. Rf1 Bd4
28. Nf5 Bxb2 29. Nde3 Ba3 30. Nh6+ Kf8 31. Nc4 Qc5 32. Nxa3 Rae6 33. Qh5 R8e7
34. Nf5 Ke8 35. Ng7+ Kd7 36. Nxe6 fxe6 37. Nb5 1-0

[Event "World Rapid 2022"]
[Site "Almaty KAZ"]
[Date "2022.12.26"]
[Round "3.35"]
[White "Jobava, Baadur"]
[Black "Pantsulaia, Levan"]
[Result "1/2-1/2"]
[WhiteTitle "GM"]
[BlackTitle "GM"]
[WhiteElo "2578"]
[BlackElo "2597"]
[WhiteFideId "13601520"]
[BlackFideId "13602071"]
[EventDate "2022.12.26"]

1. d4 d5 2. c4 e6 3. cxd5 exd5 4. Nc3 c6 5. Nf3 Nf6 6. Bf4 Bd6 7. Bxd6 Qxd6 8.
e3 Bf5 9. Bd3 Bxd3 10. Qxd3 Nbd7 11. O-O O-O 1/2-1/2

[Event "World Rapid 2022"]
[Site "Almaty KAZ"]
[Date "2022.12.26"]
[Round "3.36"]
[White "Nesterov, Arseniy"]
[Black "Vallejo Pons, Francisco"]
[Result "1-0"]
[WhiteTitle "GM"]
[BlackTitle "GM"]
[WhiteElo "2573"]
[BlackElo "2716"]
[WhiteFideId "24198455"]
[BlackFideId "2205530"]
[EventDate "2022.12.26"]

1. d4 e6 2. c4 b6 3. e4 Bb4+ 4. Bd2 Bxd2+ 5. Qxd2 d5 6. cxd5 exd5 7. e5 Ne7 8.
Nc3 O-O 9. Nf3 c5 10. Be2 Nbc6 11. dxc5 bxc5 12. O-O Be6 13. Na4 c4 14. b3 cxb3
15. axb3 Qb8 16. Nc5 Nxe5 17. Nxe6 Nxf3+ 18. Bxf3 fxe6 19. Rfe1 Rf6 20. Ra6 Kf7
21. Qe3 e5 22. Rxf6+ Kxf6 23. Bg4 Qd6 24. Qf3+ Kg6 25. Qg3 Kf6 26. Qf3+ Kg6 27.
Qg3 Kf6 28. Qh4+ Kf7 29. Qxh7 e4 30. Qh5+ Kg8 31. h3 Rf8 32. Qg5 Qf6 33. Qe3 Ng6
34. Rd1 Nf4 35. f3 Qb2 36. Rd2 Qa1+ 37. Kh2 Qe5 38. g3 Ng6 39. fxe4 dxe4 40. Re2
Re8 41. Qxa7 e3 42. Qd7 Nf8 43. Qf5 Qe7 44. Qd5+ Kh8 45. Qh5+ Kg8 46. Bf3 g6 47.
Qd5+ Kg7 48. Qd4+ Qe5 49. Qxe5+ Rxe5 50. Bg4 Nh7 51. Kg2 Ng5 52. h4 Nf7 53. Kf3
g5 54. Rxe3 Rb5 55. hxg5 Nxg5+ 56. Kf2 Ra5 57. Be2 Kf6 58. Bc4 Ra2+ 59. Re2 Ra1
60. Kg2 Rb1 61. Rf2+ Kg7 62. g4 Ne4 63. Re2 Nc5 64. Re3 Kf6 65. Rf3+ Kg7 66. Kg3
Rb2 67. Kf4 Rb1 68. Re3 Rb2 69. Kg5 Rf2 70. Re7+ Kf8 71. Re5 Nd7 72. Rf5+ Rxf5+
73. Kxf5 Ke7 74. b4 Nb6 75. Bb3 Nc8 76. g5 Nd6+ 77. Ke5 Ne8 78. b5 Nc7 79. b6
Na6 80. Bc4 Nc5 81. Kd5 Nd7 82. b7 Nb8 83. Bb5 1-0

[Event "World Rapid 2022"]
[Site "Almaty KAZ"]
[Date "2022.12.26"]
[Round "3.37"]
[White "Maghsoodloo, Parham"]
[Black "Asadli, Vugar"]
[Result "1-0"]
[WhiteTitle "GM"]
[BlackTitle "GM"]
[WhiteElo "2719"]
[BlackElo "2567"]
[WhiteFideId "12539929"]
[BlackFideId "13405764"]
[EventDate "2022.12.26"]

1. d4 Nf6 2. c4 g6 3. Nc3 Bg7 4. e4 d6 5. Be2 O-O 6. Bg5 c5 7. d5 h6 8. Bd2 e6
9. Nf3 exd5 10. exd5 Bf5 11. O-O Ne4 12. Nxe4 Bxe4 13. Qc1 Kh7 14. a4 Na6 15.
Ra3 Re8 16. Rb3 b6 17. Bd1 Rc8 18. Bc2 Qd7 19. a5 bxa5 20. Bxa5 Qa4 21. Ng5+ Kg8
22. Nxe4 1-0

[Event "World Rapid 2022"]
[Site "Almaty KAZ"]
[Date "2022.12.26"]
[Round "3.38"]
[White "Ganguly, Surya Shekhar"]
[Black "Ivic, Velimir"]
[Result "1-0"]
[WhiteTitle "GM"]
[BlackTitle "GM"]
[WhiteElo "2582"]
[BlackElo "2572"]
[WhiteFideId "5002150"]
[BlackFideId "950122"]
[EventDate "2022.12.26"]

1. e4 c5 2. c3 Nf6 3. e5 Nd5 4. Nf3 d6 5. Bb5+ Nc6 6. O-O e6 7. d4 cxd4 8. cxd4
Bd7 9. Nc3 Nxc3 10. bxc3 Nxe5 11. Nxe5 dxe5 12. Rb1 Be7 13. Qg4 Bxb5 14. Rxb5
Qd7 15. Qxg7 O-O-O 16. Qxe5 Bd6 17. Qe2 Rhg8 18. Bg5 a6 19. Bxd8 Qxb5 20. Qxb5
axb5 21. Bf6 Kd7 22. Rb1 Kc6 23. Kf1 Ra8 24. Rb2 Ba3 25. Re2 Bd6 26. Rb2 Ba3 27.
Rc2 Kd5 28. Ke2 Kc4 29. g4 Rg8 30. f3 Rg6 31. g5 h5 32. Ke3 Kd5 33. Kd3 Rg8 34.
Re2 Bd6 35. Rb2 Kc6 36. Ke4 Ra8 37. f4 Ra5 38. Rc2 Kd7 39. h3 Bc7 40. Rd2 Bd6
41. Rb2 Kc6 42. Be5 Be7 43. h4 Ra3 44. f5 exf5+ 45. Kxf5 Ra8 46. Ke4 b4 47. cxb4
Kd7 48. Rc2 Bxb4 49. Rc7+ Ke8 50. Rxb7 Be1 51. Bd6 Ra6 52. Kd5 Rxa2 53. Re7+ Kd8
54. Rxe1 1-0

[Event "World Rapid 2022"]
[Site "Almaty KAZ"]
[Date "2022.12.26"]
[Round "3.39"]
[White "Vokhidov, Shamsiddin"]
[Black "Rakhmanov, Aleksandr"]
[Result "1-0"]
[WhiteTitle "GM"]
[BlackTitle "GM"]
[WhiteElo "2579"]
[BlackElo "2630"]
[WhiteFideId "14204223"]
[BlackFideId "4173708"]
[EventDate "2022.12.26"]

1. e4 c5 2. Nf3 Nf6 3. Nc3 d5 4. exd5 Nxd5 5. Bb5+ Bd7 6. Ne5 Nf6 7. Qf3 Qc8 8.
Nxd7 Nbxd7 9. b3 a6 10. Bxd7+ Qxd7 11. Bb2 e6 12. O-O-O Rd8 13. g4 Nd5 14. h4
Nb4 15. g5 Nc6 16. h5 Nd4 17. Qg4 Be7 18. Kb1 Qc6 19. d3 Qf3 20. Qxf3 Nxf3 21.
h6 g6 22. Ne4 Nd4 23. f4 Rf8 24. c3 Nf5 25. Rhe1 Kd7 26. c4 Nd4 27. b4 b6 28.
bxc5 bxc5 29. Bxd4 cxd4 30. Kc2 Rb8 31. Rb1 Rxb1 32. Rxb1 Kc6 33. a4 Rc8 34. Kd2
Kc7 35. Ke2 Rb8 36. Rxb8 Kxb8 37. Kf3 Kc7 38. Nf6 Bxf6 39. gxf6 Kd6 40. Ke4 Kc5
41. a5 Kd6 42. Kxd4 Kc6 43. Kc3 Kd6 44. d4 Kc6 45. Kd3 Kd6 46. Ke4 Kc7 47. d5
Kd6 48. Kd4 exd5 49. cxd5 Kd7 50. Kc5 Kc7 51. d6+ Kd7 52. Kd5 Kd8 53. Kc6 Kc8
54. Kb6 1-0

[Event "World Rapid 2022"]
[Site "Almaty KAZ"]
[Date "2022.12.26"]
[Round "3.40"]
[White "Alonso Rosell, Alvar"]
[Black "Andriasian, Zaven"]
[Result "1/2-1/2"]
[WhiteTitle "GM"]
[BlackTitle "GM"]
[WhiteElo "2561"]
[BlackElo "2580"]
[WhiteFideId "2270544"]
[BlackFideId "13302000"]
[EventDate "2022.12.26"]

1. d4 d5 2. c4 c6 3. Nf3 Nf6 4. cxd5 cxd5 5. Nc3 Nc6 6. Bf4 Bf5 7. Rc1 e6 8. Qb3
Bb4 9. Ne5 Qe7 10. Nxc6 bxc6 11. a3 Bxc3+ 12. Qxc3 O-O 13. f3 Rfc8 14. g4 Bg6
15. e3 a5 16. h4 h5 17. g5 Nd7 18. Kf2 c5 19. Bb5 c4 20. b3 Nb6 21. bxc4 Nxc4
22. Bxc4 Rxc4 23. Qb2 Ra7 24. Rxc4 dxc4 25. Qb8+ Kh7 26. Bd6 Rb7 27. Bxe7 Rxb8
28. e4 Rb2+ 29. Ke3 Rb3+ 30. Kf4 Rd3 31. Bc5 c3 32. Rc1 f6 33. gxf6 gxf6 34. Bb6
a4 35. Ba5 Rxd4 36. Rxc3 e5+ 1/2-1/2

[Event "World Rapid 2022"]
[Site "Almaty KAZ"]
[Date "2022.12.26"]
[Round "3.41"]
[White "Petrosian, Tigran L."]
[Black "Kadric, Denis"]
[Result "1-0"]
[WhiteTitle "GM"]
[BlackTitle "GM"]
[WhiteElo "2551"]
[BlackElo "2584"]
[WhiteFideId "13301616"]
[BlackFideId "14403803"]
[EventDate "2022.12.26"]

1. Nf3 d6 2. g3 e5 3. Bg2 Nf6 4. O-O g6 5. c4 Bg7 6. Nc3 O-O 7. d3 a5 8. a3 c6
9. Rb1 h6 10. b4 axb4 11. axb4 Be6 12. b5 Nbd7 13. Nd2 d5 14. Qc2 Qc7 15. Bb2 d4
16. bxc6 bxc6 17. Nce4 Nxe4 18. Nxe4 Rfb8 19. Ra1 f5 20. Nd2 Bf8 21. Rfb1 Rxa1
22. Rxa1 Qb6 23. Bc1 c5 24. h4 Kf7 25. Rb1 Qa5 26. Rxb8 Nxb8 27. Bd5 Nd7 28. Nf3
Bg7 29. Bd2 Qa1+ 30. Kg2 Nb6 31. Qb3 Qa6 32. e4 Bxd5 33. exd5 e4 34. Ne1 exd3
35. Nxd3 Qxc4 36. Qxb6 Qxd3 37. Qe6+ Kf8 38. Qc8+ Kf7 39. Qd7+ Kf8 40. d6 Qe4+
41. Kg1 Qb1+ 42. Kh2 Qe4 43. Qc8+ Kf7 44. Qc7+ Kg8 45. d7 Bf6 46. d8=Q+ Bxd8 47.
Qxd8+ Kf7 48. Qd7+ Qe7 49. Qd5+ Kg7 50. Bf4 g5 51. Be5+ Kg6 52. Qc6+ Kh5 53.
Qf3+ 1-0

[Event "World Rapid 2022"]
[Site "Almaty KAZ"]
[Date "2022.12.26"]
[Round "3.42"]
[White "Muradli, Mahammad"]
[Black "Narayanan, S.L."]
[Result "1-0"]
[WhiteTitle "GM"]
[BlackTitle "GM"]
[WhiteElo "2540"]
[BlackElo "2669"]
[WhiteFideId "13409301"]
[BlackFideId "5058422"]
[EventDate "2022.12.26"]

1. d4 Nf6 2. c4 e6 3. Nf3 h6 4. Nc3 Bb4 5. Bd2 O-O 6. e3 d6 7. Bd3 e5 8. Qc2 Re8
9. d5 c6 10. dxc6 Bxc3 11. Bxc3 Nxc6 12. e4 a5 13. Nd2 Nb4 14. Qb1 Nh5 15. g3
Bh3 16. Be2 Nf6 17. a3 Nc6 18. Qd3 Qb6 19. Bf1 Be6 20. Bg2 a4 21. O-O Rac8 22.
Rac1 Nd7 23. Rfd1 Nc5 24. Qe3 f6 25. Bf1 Qc7 26. Be2 Qf7 27. f3 Kh8 28. Qf2 b6
29. Qe3 Na5 30. Bb4 Nab3 31. Nxb3 Nxb3 32. Rc3 Nd4 33. Rdc1 Rc6 34. Bd1 Ra8 35.
Qd3 Qa7 36. Qf1 Rac8 37. Be2 b5 38. Kg2 Nxe2 39. Qxe2 Bxc4 40. Qe3 Qf7 41. g4 d5
42. exd5 Qxd5 43. Kg3 Rd8 44. R3c2 Qe6 45. Rd2 Rxd2 46. Qxd2 f5 47. Re1 f4+ 48.
Kf2 Qf6 49. Qd7 Bg8 50. Re2 Rc1 51. Kg2 e4 52. Bc3 exf3+ 53. Kxf3 Qg6 54. Kf2
Qb6+ 55. Qd4 Qb7 56. Qxf4 Qb6+ 57. Bd4 Qc6 58. Bxg7+ Kh7 59. Bc3 Qc5+ 60. Bd4
Qg5 61. Re7+ Qxe7 62. Qf5# 1-0

[Event "World Rapid 2022"]
[Site "Almaty KAZ"]
[Date "2022.12.26"]
[Round "3.43"]
[White "Savchenko, Boris"]
[Black "Cheng, Bobby"]
[Result "1-0"]
[WhiteTitle "GM"]
[BlackTitle "GM"]
[WhiteElo "2552"]
[BlackElo "2583"]
[WhiteFideId "4147332"]
[BlackFideId "4300033"]
[EventDate "2022.12.26"]

1. c4 e6 2. g3 d5 3. Nf3 Nf6 4. Bg2 Be7 5. O-O O-O 6. d4 dxc4 7. Qc2 b5 8. a4 b4
9. Qxc4 Ba6 10. Qc2 Bb7 11. Bf4 Nd5 12. Nbd2 c5 13. Bxb8 Rxb8 14. dxc5 Rc8 15.
Nb3 Qc7 16. Rfc1 Nf6 17. Nfd4 Bxg2 18. Kxg2 Rfd8 19. Qc4 Rd5 20. c6 h5 21. Qa6
Rf8 22. Qb7 Ne8 23. e4 Rd8 24. Qxc7 Nxc7 25. Nb5 Bd6 26. f4 a6 27. Nxc7 Bxc7 28.
Rd1 Rc8 29. Kf3 Rfd8 30. Ke2 Kf8 31. Nc5 a5 32. e5 Ke7 33. Nb7 Rd5 34. Rxd5 exd5
35. Kd3 Ke6 36. Kd4 Bb6+ 37. Nc5+ Kf5 38. Kxd5 Kg4 39. Rf1 Kh3 40. Rf2 b3 41. f5
Rd8+ 42. Kc4 Rd1 43. Kb5 Bc7 44. e6 fxe6 45. fxe6 Bd6 46. Ne4 Bc7 47. Re2 Rd8
48. e7 Re8 49. Nc3 Bd6 50. Nd5 Kg4 51. c7 Kf3 52. Re6 1-0

[Event "World Rapid 2022"]
[Site "Almaty KAZ"]
[Date "2022.12.26"]
[Round "3.45"]
[White "Tang, Andrew"]
[Black "Mamedov, Rauf"]
[Result "0-1"]
[WhiteTitle "GM"]
[BlackTitle "GM"]
[WhiteElo "2540"]
[BlackElo "2646"]
[WhiteFideId "2059630"]
[BlackFideId "13401653"]
[EventDate "2022.12.26"]

1. d4 d5 2. Nf3 c5 3. c4 e6 4. cxd5 exd5 5. Nc3 Nc6 6. g3 Nf6 7. Bg2 Be7 8. O-O
O-O 9. dxc5 Bxc5 10. a3 Ne4 11. Nxd5 Be6 12. Ne3 f5 13. b4 Qf6 14. Bb2 Qxb2 15.
bxc5 f4 16. Qc2 Qxc2 17. Nxc2 Rad8 18. Nb4 Nc3 19. Rfe1 Bc4 20. Nxc6 bxc6 21.
Ne5 Nxe2+ 22. Kh1 Ba6 23. Nxc6 Rd2 24. Rad1 Rb2 25. Ne5 h5 26. Bd5+ Kh7 27. Be4+
Kg8 28. Ng6 Re8 29. Bf3 fxg3 30. hxg3 Kf7 31. Bxh5 Kf6 32. Nf4 Bb7+ 33. Kh2 Nxf4
34. Rd6+ Kf5 35. Bg6+ Kg4 0-1

[Event "World Rapid 2022"]
[Site "Almaty KAZ"]
[Date "2022.12.26"]
[Round "3.46"]
[White "Batsuren, Dambasuren"]
[Black "Harsha, Bharathakoti"]
[Result "0-1"]
[WhiteTitle "GM"]
[BlackTitle "GM"]
[WhiteElo "2525"]
[BlackElo "2593"]
[WhiteFideId "4902920"]
[BlackFideId "5078776"]
[EventDate "2022.12.26"]

1. d4 d5 2. c4 e6 3. Nf3 c6 4. e3 f5 5. Bd3 Nf6 6. O-O Bd6 7. b3 Qe7 8. Bb2 Nbd7
9. Qc1 g5 10. cxd5 g4 11. dxe6 gxf3 12. exd7+ Bxd7 13. g3 h5 14. Ba3 h4 15. Bxd6
Qxd6 16. Qc5 Qxc5 17. dxc5 Ng4 18. Nd2 hxg3 19. hxg3 Ne5 20. Bc2 Be6 21. Bd1
O-O-O 22. Nxf3 Bd5 23. Nh4 Rdg8 24. Ng2 Nf3+ 25. Bxf3 Bxf3 26. Rfc1 Rg7 27. Rc4
Be4 28. Rd4 Rgh7 29. Nh4 Rg8 30. Kf1 Kc7 31. Ke2 Rf7 32. f3 Bd5 33. Kf2 a5 34.
Rf4 Be6 35. Rd1 Rfg7 36. Rg1 Rg5 37. Rd4 Bd5 38. Nxf5 Bxf3 39. Nh6 R8g6 40. Nf7
Rf5 41. Rf4 Bg4 42. Rc1 Rd5 43. e4 Rd2+ 44. Ke3 Re2+ 45. Kd4 Be6 46. Rc3 Rxa2
47. Ke5 Rb2 48. Nd6 Bxb3 49. Rf8 a4 50. Rc8+ Kd7 51. Rb8 Rg5+ 52. Kf4 Rxc5 53.
Rxc5 Kxd6 54. Ra5 b5 55. Ra6 Kc7 56. Rh8 Kb7 57. Rha8 b4 58. R8a7+ Kb8 59. Ke5
Rd2 60. Ra8+ Kb7 61. R8a7+ Kb8 62. Rh7 a3 63. Rb6+ Ka8 64. Rxc6 Kb8 65. Rb6+ Ka8
66. Rxb4 a2 67. Rh1 Rd1 68. Rxb3 0-1

[Event "World Rapid 2022"]
[Site "Almaty KAZ"]
[Date "2022.12.26"]
[Round "3.47"]
[White "Burmakin, Vladimir"]
[Black "Maze, Sebastien"]
[Result "0-1"]
[WhiteTitle "GM"]
[BlackTitle "GM"]
[WhiteElo "2498"]
[BlackElo "2538"]
[WhiteFideId "4105109"]
[BlackFideId "613762"]
[EventDate "2022.12.26"]

1. Nf3 Nf6 2. c4 g6 3. b3 Bg7 4. Bb2 O-O 5. e3 d6 6. d4 Nbd7 7. Be2 c6 8. O-O
Qc7 9. Nc3 Re8 10. Rc1 e5 11. Qc2 Nf8 12. Rfd1 e4 13. Nd2 Bf5 14. b4 h5 15. Qb3
N8h7 16. d5 h4 17. h3 Ng5 18. dxc6 bxc6 19. b5 c5 20. Bf1 Qd8 21. a4 Nd7 22. Nd5
Ne5 23. Ra1 Qd7 24. Nf4 Ne6 25. a5 Rab8 26. Nd5 Ng5 27. Nf4 Ne6 28. Nd5 Nc7 29.
Nxc7 Qxc7 30. Nb1 g5 31. Nc3 g4 32. Nd5 Qd7 33. Nf4 gxh3 34. gxh3 Bh6 35. Bxe5
Rxe5 36. Kh2 Kh7 37. Be2 Bg6 38. Bg4 Qd8 39. Qc3 Bg7 40. Qd2 Re8 41. Rab1 Be5
42. Kh1 Bxf4 43. exf4 e3 44. fxe3 Bxb1 45. Rxb1 Qe7 46. Bf5+ Kh6 47. e4 Rg8 48.
Rd1 Rbd8 49. Qd5 Rg3 50. Bg4 Qf6 51. Qf5 Kg7 52. Qxf6+ Kxf6 53. Rb1 Ra3 54. b6
Rxa5 55. b7 Rb8 56. Bc8 Ra4 57. Rc1 a5 58. Kg2 Ra3 59. Rb1 Ke7 60. Rb6 a4 61.
Ra6 Rb3 62. Rxa4 R8xb7 63. Bxb7 Rxb7 64. Ra3 Rb4 65. Rc3 Rb1 66. Kf2 Ke6 67. Ke2
Rh1 68. Kf2 Rd1 69. Kf3 f5 70. Re3 fxe4+ 71. Rxe4+ Kf5 72. Re8 Rd3+ 73. Ke2 Rxh3
74. Rd8 Ke6 75. f5+ Ke7 76. Rh8 Rh1 77. Rh6 h3 78. Kf2 Rc1 79. Rxh3 Rxc4 80.
Rh7+ Kf6 81. Rh6+ Ke5 82. Re6+ Kd5 83. Kg3 Rc1 84. Kg2 c4 85. Re8 Ra1 86. f6 Ra7
87. Re7 Ra8 88. f7 Rf8 89. Kf2 Kd4 90. Ke2 Kc3 91. Kd1 d5 92. Ra7 Kd3 93. Ke1 d4
94. Re7 c3 95. Ra7 0-1

[Event "World Rapid 2022"]
[Site "Almaty KAZ"]
[Date "2022.12.26"]
[Round "3.48"]
[White "Yakubboev, Nodirbek"]
[Black "Tin, Jingyao"]
[Result "1-0"]
[WhiteTitle "GM"]
[BlackTitle "GM"]
[WhiteElo "2647"]
[BlackElo "2562"]
[WhiteFideId "14203987"]
[BlackFideId "5804418"]
[EventDate "2022.12.26"]

1. d4 d5 2. c4 c6 3. cxd5 cxd5 4. Bf4 Nc6 5. e3 Nf6 6. Bd3 Bg4 7. f3 Bh5 8. Bb5
e6 9. Qa4 Nd7 10. Nd2 Qb6 11. Rc1 Rc8 12. Ne2 Bb4 13. a3 Bxd2+ 14. Kxd2 O-O 15.
b4 e5 16. Bxc6 bxc6 17. dxe5 Rfd8 18. Rc3 c5 19. Rhc1 c4 20. Nd4 Bg6 21. Qb5 a6
22. Qxb6 Nxb6 23. a4 Nxa4 24. Ra3 Nb2 25. Kc3 Nd3 26. Rca1 Re8 27. Rxa6 Nxe5 28.
b5 f6 29. b6 Rb8 30. R1a5 Bf7 31. Rb5 Rb7 32. Ra7 Ree7 33. Nf5 Rxa7 34. bxa7
Rxa7 35. Rb8+ Be8 36. Rxe8+ Kf7 37. Nd6+ Kg6 38. Bxe5 fxe5 39. Re6+ 1-0

[Event "World Rapid 2022"]
[Site "Almaty KAZ"]
[Date "2022.12.26"]
[Round "3.49"]
[White "Sargsyan, Shant"]
[Black "Dragnev, Valentin"]
[Result "1/2-1/2"]
[WhiteTitle "GM"]
[BlackTitle "GM"]
[WhiteElo "2645"]
[BlackElo "2556"]
[WhiteFideId "13306766"]
[BlackFideId "1634852"]
[EventDate "2022.12.26"]

1. d4 Nf6 2. c4 e6 3. Nf3 d5 4. Nc3 Be7 5. Bf4 O-O 6. Rc1 c5 7. dxc5 Bxc5 8. e3
Nc6 9. a3 Qa5 10. Nd2 Qd8 11. Nb3 Bb6 12. Bd3 d4 13. exd4 Nxd4 14. Nxd4 Qxd4 15.
Be3 Qe5 16. Qe2 Bxe3 17. Qxe3 Qxe3+ 18. fxe3 b6 19. Ne4 Ng4 20. Ke2 Ne5 21. Bb1
Bb7 22. Rhg1 Rfd8 23. Ng5 h6 24. Nf3 Nxf3 25. gxf3 Rd7 26. Rgd1 Rc7 27. Rd4 e5
28. Rd6 Kf8 29. b3 Ke7 30. Rcd1 Rb8 31. h4 Bc6 32. a4 Rh8 33. h5 Re8 34. Bf5 Rb8
35. Kf2 Rf8 36. Kg3 Rg8 37. f4 exf4+ 38. Kxf4 Rb8 39. e4 Be8 40. e5 a6 41. Be4
Rc5 42. Bd5 Rc7 43. Rd3 Rc5 44. b4 Rc7 45. b5 axb5 46. axb5 Ra7 47. Rg3 Kf8 48.
Ke4 Ra4 49. Rb3 Ke7 50. Kd4 Ra1 51. Rg3 Kf8 52. e6 f6 53. Kc3 Ke7 54. Rd7+ Bxd7
55. Rxg7+ Kd6 56. Rxd7+ Kc5 57. e7 Re8 58. Bf7 Ra3+ 59. Kb2 Rea8 60. Rc7+ Kd6
61. e8=N+ Ke5 62. c5 bxc5 63. Rxc5+ Kd4 64. Rd5+ Ke3 65. Rd6 f5 66. Nc7 R8a5 67.
b6 R3a4 68. Bb3 Rb4 69. Rd5 Raa4 70. Rxf5 Ke4 71. Rf6 Kd4 72. Rxh6 Ra5 73. Rd6+
Kc5 74. Rd5+ Kxb6 75. Rxa5 Kxa5 76. Nd5 Rh4 77. Bd1 Rd4 78. Bf3 Rd3 79. Be4 Rd4
80. Nf6 Rd6 81. Ng4 Rd4 82. Nf6 Rd6 83. Nd5 Re6 84. Bg6 Rd6 85. Ne3 Kb4 86. Kc2
Kc5 87. Nf5 Ra6 88. Kd3 Kd5 89. h6 Ra3+ 90. Ke2 Rh3 91. h7 Ke5 92. Ng3 Kf6 93.
Bf5 Rh2+ 94. Kf3 Kg7 95. Kg4 Rxh7 96. Bxh7 1/2-1/2

[Event "World Rapid 2022"]
[Site "Almaty KAZ"]
[Date "2022.12.26"]
[Round "3.50"]
[White "Tsydypov, Zhamsaran"]
[Black "Harutyunyan, Tigran K."]
[Result "1-0"]
[WhiteTitle "GM"]
[BlackTitle "GM"]
[WhiteElo "2534"]
[BlackElo "2511"]
[WhiteFideId "4108566"]
[BlackFideId "13303635"]
[EventDate "2022.12.26"]

1. e4 e5 2. Nf3 Nc6 3. Bc4 Nf6 4. d3 Bc5 5. Nbd2 d6 6. c3 O-O 7. h3 a6 8. Bb3
Ba7 9. Nf1 Be6 10. Bg5 Bxb3 11. Qxb3 b5 12. Ng3 Nb8 13. a4 c6 14. axb5 axb5 15.
Nf5 Nbd7 16. O-O Qc7 17. Qc2 Kh8 18. Qd2 Ng8 19. d4 Bb6 20. Rad1 f6 21. Be3 g6
22. Ng3 Rad8 23. b4 f5 24. Bg5 Rde8 25. dxe5 Nxe5 26. exf5 Nxf3+ 27. gxf3 d5 28.
Bf4 Qf7 29. Rfe1 Bc7 30. Qd4+ Nf6 31. Rxe8 Rxe8 32. Bxc7 1-0

[Event "World Rapid 2022"]
[Site "Almaty KAZ"]
[Date "2022.12.26"]
[Round "3.51"]
[White "Kostenko, Petr"]
[Black "Ghaem Maghami, Ehsan"]
[Result "0-1"]
[WhiteTitle "GM"]
[BlackTitle "GM"]
[WhiteElo "2374"]
[BlackElo "2490"]
[WhiteFideId "13700669"]
[BlackFideId "12500739"]
[EventDate "2022.12.26"]

1. c4 c5 2. g3 Nc6 3. Bg2 g6 4. Nf3 Bg7 5. Nc3 d6 6. d3 e6 7. Bg5 Nge7 8. Qc1 h6
9. Bd2 b6 10. O-O Bb7 11. a3 Qd7 12. b4 Rd8 13. Rb1 Nd4 14. Nxd4 cxd4 15. Bxb7
Qxb7 16. Na2 Rc8 17. a4 h5 18. h4 O-O 19. Qa3 Be5 20. b5 Qd7 21. Nb4 d5 22. cxd5
exd5 23. Qa2 Rfe8 24. Rfc1 Rxc1+ 25. Rxc1 Qh3 26. Be1 g5 27. Nc6 Nxc6 28. bxc6
gxh4 29. Qxd5 hxg3 30. fxg3 Qe6 31. Qxe6 fxe6 32. Kg2 Kf7 33. Kf3 Bc7 34. Ke4
Rd8 35. Bf2 Ke7 36. Bxd4 Bxg3 37. a5 Bc7 38. Rg1 Rd5 39. Rg7+ Kd6 40. axb6 Bxb6
41. Bxb6 axb6 42. d4 Kxc6 43. Re7 Kd6 44. Rb7 b5 45. e3 Rg5 46. Kf4 Rf5+ 47. Ke4
Rd5 48. Rb6+ Kd7 49. Kd3 Rg5 50. Rb7+ Kc6 51. Rh7 Kd6 52. Rh6 Ke7 53. Ke4 Kf7
54. Kf4 Rf5+ 55. Ke4 b4 56. Rh7+ Kg6 57. Rb7 h4 58. Rxb4 h3 59. Rb2 Kg5 60. Kd3
Kg4 61. e4 Rh5 62. Rb1 h2 63. Rh1 Kf3 64. e5 Kg2 65. Rxh2+ Kxh2 66. Kc4 Kg3 67.
Kc5 Kf4 68. Kd6 0-1

[Event "World Rapid 2022"]
[Site "Almaty KAZ"]
[Date "2022.12.26"]
[Round "3.52"]
[White "Uskov, Artem"]
[Black "Puranik, Abhimanyu"]
[Result "0-1"]
[WhiteTitle "FM"]
[BlackTitle "GM"]
[WhiteElo "2376"]
[BlackElo "2616"]
[WhiteFideId "34254854"]
[BlackFideId "5061245"]
[EventDate "2022.12.26"]

1. e4 e5 2. Nf3 Nc6 3. Bb5 a6 4. Ba4 Nf6 5. O-O b5 6. Bb3 Bb7 7. c3 Nxe4 8. Re1
d5 9. d3 Nc5 10. Nxe5 Nxe5 11. Rxe5+ Be7 12. Bc2 d4 13. Qg4 Qd7 14. Qe2 Ne6 15.
Bb3 Bf6 16. Rf5 dxc3 17. bxc3 O-O-O 18. Rxf6 gxf6 19. d4 Rhg8 20. g3 Nxd4 21.
cxd4 Qc6 22. d5 Qxc1+ 23. Kg2 Rxd5 24. Bxd5 Bxd5+ 25. f3 Bc4 26. Nd2 Qxa1 27.
Qe4 Qxa2 28. Qa8+ Kd7 29. Qxg8 Qxd2+ 30. Kh3 h5 31. g4 Bf1+ 32. Kg3 h4+ 0-1